Five Largest States - Statistics

General Stats
  • This quiz has been taken 71 times
  • The average score is 4 of 5
Answer Stats
State % Correct
Texas
98%
California
88%
Alaska
85%
Montana
65%
New Mexico
33%
No matching quizzes found
Score Distribution
Percent of People with Each Score
Percentile by Number Answered
Your Score History
You have not taken this quiz